Využitie korelačnej analýzy pri skúmaní závislosti prílevu PZI a hospodárskeho rastu na úrovni regiónov Slovenska

Definícia priamych zahraničných investícií. Vývoj priamych zahraničných investícií v SR a jej regiónoch. Regionálne členenie PZI v SR v rokoch 2004-2010. Stav PZI v SR podľa krajiny pôvodu k 31.12. 2010.

Salvato in:
Dettagli Bibliografici
Autore principale: Fabuš, Michal
Natura: Capitolo di libro
Lingua:slovacco
Soggetti:
Tags: Aggiungi Tag
Nessun Tag, puoi essere il primo ad aggiungerne!!

MARC

LEADER 00000naa a2200000 4500
001 0175551
005 20240522071215.2
041 0 |a slo 
044 |a SK 
245 1 0 |a Využitie korelačnej analýzy pri skúmaní závislosti prílevu PZI a hospodárskeho rastu na úrovni regiónov Slovenska  |c Michal Fabuš ml. 
520 |a Definícia priamych zahraničných investícií. Vývoj priamych zahraničných investícií v SR a jej regiónoch. Regionálne členenie PZI v SR v rokoch 2004-2010. Stav PZI v SR podľa krajiny pôvodu k 31.12. 2010. 
610 2 0 |a investície priame zahraničné 
610 2 0 |a Slovensko 
610 2 0 |a kapitál zahraničný 
610 2 0 |a rast hospodársky 
610 2 0 |a analýza korelačná 
100 1 |a Fabuš, Michal